000 00496naa a22001217u 4500
008 130517b1959 xxu||||| |||| 00| 0 spa d
040 _aSPA
100 1 _aMartínez Ruiz, Elias
_99151
245 0 0 _aForma, relación y sentido en la vida moral
300 _a242-250 p.
_c21 cm.
773 0 _tLa forma:IV Semana Española de filosofía, 24 al 30 de Abril de 1957
_dMadrid,Consejo Superior de Investigaciones Científicas Instituto Luis Vives de Filosofía,1959,
_gpágs. 242-250,
_w74771
942 _cAC
999 _c222410
_d222410